| 000 | 00549nam a2200169 i 4500 | ||
|---|---|---|---|
| 001 | 74200 | ||
| 003 | ES-MaACL | ||
| 005 | 20230906172041.0 | ||
| 007 | t| | ||
| 008 | 040916s1926 sp ||||1| spa d | ||
| 100 | 1 |
_aPosada, Carlos G. ( _d1890-1948) _993318 |
|
| 245 | 1 | 0 |
_aSeguros sociales _b: (enfermedad, invalidez, vejez, muerte) / _cpor Carlos González Posada. |
| 260 |
_aMadrid : _b[s.n., _c1926] ( _fAsilo de Huérfanos Corazón de Jesús) |
||
| 300 |
_a312 p. ; _c22 cm. |
||
| 650 |
_aSeguridad social. _9136859 |
||
| 852 |
_aES-MaACL _jB-3613 |
||
| 999 |
_c74200 _d74200 |
||